Statistics for Rafael Nadal's Final Grand Slam Rivals

Click here to take the quiz!

General Stats

  • This quiz has been taken 220 times
  • The average score is 9 of 11

Answer Stats

Opponent% Correct
Novak Djokovic
99%
Roger Federer
99%
Stanislas Wawrinka
95%
Daniil Medvedev
92%
Casper Ruud
91%
Dominic Thiem
88%
David Ferrer
75%
Robin Söderling
72%
Tomáš Berdych
63%
Kevin Anderson
61%
Mariano Puerta
43%

Score Distribution

Percentile by Number Answered

Percent of People with Each Score

Your Score History

You have not taken this quiz